MARC

LEADER 00000nab a2200000 a 4500
001 vtls000779437
003 SK-MaSNL
005 20260304130959.0
008 250429c2001 xo 0 slo
015 |a SNBRB2002/02-03717 
035 |a CLN000131201 
035 |a urn:nbn:sk:snk-ab2jca 
035 |a (urnnbn)urn:nbn:sk:snk:ar-a02i1z 
035 |a (uuid)6d995b09-0630-41bf-8655-79f329e6dc33 
040 |a SNKBUCL  |b slo  |c SNKBUCL  |e AACR2 
041 0 |a slo 
044 |a xo  |c SK 
080 |a 613.287.1:616-035.4-053.3  |2 1997 
080 |a 616-035.4-053.3  |2 1997 
100 1 |a Fulmeková, Magdaléna,  |d 1950-  |4 aut  |9 192594 
245 1 0 |a Nové trendy v detskej výžive  |b vplyv prirodzenej a umelej výživy na chorobnosť novorodencov  |n 2.  |c Magdaléna Fulmeková 
504 |a Bibliogr. odkazy 
650 0 7 |a materské mlieko  |2 snkbucl  |9 78889 
650 0 7 |a imunita získaná  |x deti  |2 snkbucl  |9 1443317 
650 0 7 |a hnačka  |2 snkbucl  |9 16274 
650 0 7 |a systém dýchací  |x choroby  |x prevencia  |x deti  |2 snkbucl  |9 1443318 
650 0 7 |a otitída  |x prevencia  |x deti  |2 snkbucl  |9 1443319 
650 0 7 |a infekcie baktériové  |x prevencia  |x deti  |2 snkbucl  |9 1443320 
650 0 7 |a materské mlieko  |x u dojčiat a detí  |2 snkbucl  |9 1443321 
650 0 7 |a choroby dýchacieho systému  |x prevencia a kontrola  |x u dojčiat a detí  |2 snkbucl  |9 1443322 
650 0 7 |a otitis  |x prevencia a kontrola  |x u dojčiat a detí  |2 snkbucl  |9 1443323 
650 0 7 |a infekcie baktériové  |x prevencia a kontrola  |x u dojčiat a detí  |2 snkbucl  |9 1443324 
650 0 7 |a smrť dojčaťa, náhla  |x prevencia a kontrola  |2 snkbucl  |9 1443325 
655 7 |a články z novín a časopisov  |2 snkbucl  |9 267496 
773 0 |t Lekárnik  |g Roč. 6, č. 1 (2001), s. 33 
850 |a Slovenská národná knižnica 
852 |a Slovenská národná knižnica 
954 |a odborná, vedecká literatúra pôvodná (slovenská)  |2 lita 
958 |a article27 
958 |a OND 
958 |a NB 
958 |a MI 
958 |a EUIPO 
992 |a RBX 
999 |c 2895889  |d 2897819